000
00289nam a22001337a 4500
008
181226b xxu||||| |||| 00| 0 eng d
020
_a
804355
041
_a
eng
080
_2
3rd
_a
321
100
_a
19
101
_a
SHP
245
_a
Party Politics in America
_c
Sorauf
942
_2
udc
_c
BK
999
_c
53770
_d
53770